<?xml version="1.0" encoding="UTF-8"?><?xml-stylesheet type="text/xsl" href="static/style.xsl"?><OAI-PMH xmlns="http://www.openarchives.org/OAI/2.0/" xmlns:xsi="http://www.w3.org/2001/XMLSchema-instance" xsi:schemaLocation="http://www.openarchives.org/OAI/2.0/ http://www.openarchives.org/OAI/2.0/OAI-PMH.xsd"><responseDate>2026-04-18T04:13:19Z</responseDate><request verb="GetRecord" identifier="oai:www.recercat.cat:2117/327119" metadataPrefix="marc">https://recercat.cat/oai/request</request><GetRecord><record><header><identifier>oai:recercat.cat:2117/327119</identifier><datestamp>2025-07-22T19:41:36Z</datestamp><setSpec>com_2072_1033</setSpec><setSpec>col_2072_452951</setSpec></header><metadata><record xmlns="http://www.loc.gov/MARC21/slim" xmlns:dcterms="http://purl.org/dc/terms/" xmlns:xsi="http://www.w3.org/2001/XMLSchema-instance" xmlns:doc="http://www.lyncode.com/xoai" xsi:schemaLocation="http://www.loc.gov/MARC21/slim http://www.loc.gov/standards/marcxml/schema/MARC21slim.xsd">
   <leader>00925njm 22002777a 4500</leader>
   <datafield ind2=" " ind1=" " tag="042">
      <subfield code="a">dc</subfield>
   </datafield>
   <datafield ind2=" " ind1=" " tag="720">
      <subfield code="a">Egea Cadiz, Mari Alba</subfield>
      <subfield code="e">author</subfield>
   </datafield>
   <datafield ind2=" " ind1=" " tag="260">
      <subfield code="c">2020-07-15</subfield>
   </datafield>
   <datafield ind2=" " ind1=" " tag="520">
      <subfield code="a">El objetivo de este trabajo de final de grado es disenar una algoritmo basado en Deep Learning que sea capaz de clasificar en vıdeo personas que realizan o no lenguaje de signos.En los ultimos años con el auge de la tecnologıa, la aplicacion de Deep Learning para sistemas inteligentes ha crecido exponencialmente. Deep Learning es una rama del Machine Learning comprendida dentro de la Inteligencia Artificial, se basa en la generacion&#xd;
de algoritmos con el fin de dar la capacidad de resolucion de tareas sin la intervención humana. Para el diseno del prototipo se implementar a una redes neuronal convolucional basada en la combinacion de dos dos arquitecturas ya experimentadas para el reconocimiento de acciones en vıdeo: Two Streams Action Recognition y R(2+1)D</subfield>
   </datafield>
   <datafield ind2=" " ind1=" " tag="520">
      <subfield code="a">The main objective of this final Bachelor’s degree project is to design an algorithm based on Deep Learning that is able to classify people who do or do not sign language on video.&#xd;
In recent years with the rise of technology, the application of Deep Learning for intelligent&#xd;
systems has grown exponentially. Deep Learning is a branch of Machine Learning included&#xd;
in Artificial Intelligence, it is based on the generation of algorithms in order to give the ability&#xd;
to solve tasks without human intervention.&#xd;
For the design of the prototype, a convolutional neural network based on the combination&#xd;
of two already experienced architectures for video action recognition will be implemented:&#xd;
Two Streams Action Recognition and R(2+1)D</subfield>
   </datafield>
   <datafield tag="653" ind2=" " ind1=" ">
      <subfield code="a">Àrees temàtiques de la UPC::Enginyeria de la telecomunicació</subfield>
   </datafield>
   <datafield tag="653" ind2=" " ind1=" ">
      <subfield code="a">Machine learning</subfield>
   </datafield>
   <datafield tag="653" ind2=" " ind1=" ">
      <subfield code="a">Deep Learning</subfield>
   </datafield>
   <datafield tag="653" ind2=" " ind1=" ">
      <subfield code="a">Convolutional Neural Networks</subfield>
   </datafield>
   <datafield tag="653" ind2=" " ind1=" ">
      <subfield code="a">Video Processing</subfield>
   </datafield>
   <datafield tag="653" ind2=" " ind1=" ">
      <subfield code="a">Artificial Intelligence</subfield>
   </datafield>
   <datafield tag="653" ind2=" " ind1=" ">
      <subfield code="a">Tensorflow</subfield>
   </datafield>
   <datafield tag="653" ind2=" " ind1=" ">
      <subfield code="a">Pytorch</subfield>
   </datafield>
   <datafield tag="653" ind2=" " ind1=" ">
      <subfield code="a">Aprenentatge automàtic</subfield>
   </datafield>
   <datafield ind2="0" ind1="0" tag="245">
      <subfield code="a">Redes convolucionales espacio-temporales para la detección de signantes en vídeo</subfield>
   </datafield>
</record></metadata></record></GetRecord></OAI-PMH>